Čelo tuhnutia a rýchlosť rastu počas pretavovania laserom /
Gespeichert in:
| Weitere Verfasser: | , |
|---|---|
| Format: | Buch |
| Sprache: | Slowakisch |
| Veröffentlicht: |
Bratislava :
SlTK-Centrum VTI SR,
1988
|
| Schlagworte: | |
| Tags: |
Keine Tags, Fügen Sie das erste Tag hinzu!
|
MARC
| LEADER | 00000nam a22000003a 4500 | ||
|---|---|---|---|
| 001 | stu35275 | ||
| 005 | 20150617225730.8 | ||
| 008 | 920413s1988----cs------------------slo-d | ||
| 040 | |a STU |b slo | ||
| 041 | 0 | |a slo | |
| 044 | |a cs | ||
| 080 | |a 621.746.6 | ||
| 080 | |a 621.375.826 |7 stu_us_auth*stu9916 | ||
| 100 | 1 | |a Kostka, Peter, |d 1944- |4 trl |u J280 |U SjF Ústav technológií a materiálov |T SjF Katedra materiálov a technológií |X 2424 |U J280 |Y 52 |7 A000002424 | |
| 245 | 1 | |a Čelo tuhnutia a rýchlosť rastu počas pretavovania laserom / |c M. Rappaz a kol., Z angl. P. Kostka | |
| 260 | |a Bratislava : |b SlTK-Centrum VTI SR, |c 1988 | ||
| 300 | |a 10 s : |b 6 ilustr | ||
| 650 | 7 | |a lasery |2 stusub | |
| 650 | 7 | |a tuhnutie |2 stusub | |
| 650 | 7 | |a preklady |2 stusub | |
| 700 | 1 | |a Rappaz, M |4 xxx | |
| 996 | |b MP 32 |c M*P-32 |l MMKN |s A |a 24 |w stu35275_0001 | ||